Broadway Trivia - Statistics

General Stats
  • This quiz has been taken 222 times
  • The average score is 14 of 22
Answer Stats
Song Musical % Correct
Hakuna Matata Lion King
98%
Hard Knock Life Annie
97%
Do Re Mi Sound of Music
95%
Memory Cats
94%
All that Jazz Chicago
93%
Chim Chim Che-ree Mary Poppins
90%
The Music of the Night Phantom of the Opera
88%
I Dreamed a Dream Les Misérables
86%
Seize the Day Newsies
86%
I'm not that girl Wicked
80%
Revolting Matilda
77%
The Winner Takes it All Mamma Mia
74%
Food, Glorious Food! Oliver
62%
Johanna Sweeney Todd
60%
Magic To Do Pippin
43%
Miracle of Miracles Fiddler on the Roof
38%
You're the Top Anything Goes
35%
If I can't Love Her Beauty and the Beast
35%
If Only You Would Listen School of Rock
25%
Who I'd be Shrek
25%
I've Never Been in Love Before Guys and Dolls
22%
Cry for Me Jersey Boys
10%
No matching quizzes found
Score Distribution
Percent of People with Each Score
Percentile by Number Answered
Your Score History
You have not taken this quiz